| 000 | 01704cas a2200469 a 4500 | ||
|---|---|---|---|
| 001 | 11504108 | ||
| 003 | OSt | ||
| 005 | 20230629133850.0 | ||
| 008 | 730516c19479999enkar w 0 a0eng | ||
| 010 |
_a 98660512 _zsf 88034045 _z 73640723 |
||
| 016 | 7 |
_a010186949 _2Uk |
|
| 024 | 8 | _ax290045168 | |
| 035 | _a(OCoLC)ocm01784791 | ||
| 040 |
_aDLC _beng _cDLC _dOCL _dDLC _dNYG _dNST _dDLC _dHUL _dNST _dDLC _dHVL _dUKMGB _dOCLCO _dOCLCQ _dOCLCF _dOCLCO _dUKWOH _dOCLCQ _dLUN _dS2H _dOCLCO |
||
| 042 | _apcc | ||
| 043 | _ae-uk--- | ||
| 050 | 0 | 0 |
_aKD296 _b.C84 |
| 082 | 0 |
_a348/.42/047 _bALL |
|
| 245 | 0 | 0 | _aCurrent law case citator. |
| 246 | 3 | 0 | _aCase citator |
| 260 |
_aLondon : _bSweet & Maxwell |
||
| 300 |
_avolumes ; _c25 cm |
||
| 310 | _aAnnual | ||
| 336 |
_atext _btxt _2rdacontent |
||
| 337 |
_aunmediated _bn _2rdamedia |
||
| 338 |
_avolume _bnc _2rdacarrier |
||
| 362 | 1 | _aBegan in 1947. | |
| 580 | _aCompanion to: Current law year book. | ||
| 580 | _aConsists of annual cumulative vols. which are replaced from time to time by permanent bound cumulations: 1947-1976; 1977-1997; 1998-2001; 2002-2004. | ||
| 588 | _aDescription based on: 1996. | ||
| 650 | 0 |
_aAnnotations and citations (Law) _zGreat Britain. |
|
| 650 | 7 |
_aAnnotations and citations (Law) _2fast _0(OCoLC)fst00809767 |
|
| 651 | 7 |
_aGreat Britain. _2fast _0(OCoLC)fst01204623 |
|
| 653 | _aPeriodical | ||
| 655 | 0 | _aLaw. | |
| 776 | 0 | 8 |
_iOnline version: _tCurrent law case citator _w(OCoLC)761125021 |
| 780 | 0 | 1 |
_tCurrent law citator _w(OCoLC)1565642 |
| 787 | 1 |
_tCurrent law year book _w(DLC) 53030111 _w(OCoLC)1565646 |
|
| 906 |
_a7 _bcbc _cserials _du _encip _f19 _gn-oclcserc |
||
| 942 |
_2ddc _cBK |
||
| 999 |
_c3079 _d3079 |
||